Normal view
MARC view
Entry Personal Name
001 - CONTROL NUMBER
- control field: 3715
003 - CONTROL NUMBER IDENTIFIER
- control field: OSt
005 - DATE AND TIME OF LATEST TRANSACTION
- control field: 20190322102547.0
008 - FIXED-LENGTH DATA ELEMENTS
- fixed length control field: 190322|| aca||aabn | a|a d
040 ## - CATALOGING SOURCE
- Original cataloging agency: OSt
- Transcribing agency: OSt
100 ## - HEADING--PERSONAL NAME
- Personal name: Madras. Department of Industries
670 ## - SOURCE DATA FOUND
- Source citation: Work cat.: (OSt): Madras. Department of Industries, The re-tannage of dhori hides for sole leather, 1926
